| 000 | 00883nam a22002057a 4500 | ||
|---|---|---|---|
| 003 | OSt | ||
| 005 | 20250207151327.0 | ||
| 008 | 240828b ||||| |||| 00| 0 eng d | ||
| 040 | _c0 | ||
| 082 | _aDPer 379.2 J826 Winter-Spring 2021 v. 46 n. 3-4 | ||
| 100 |
_aDoyle, William R. _eauthor. _959264 |
||
| 245 |
_aModeling volatility in public funding for higher education / _cWilliam R. Doyle, Amberly B. Dziesinski, and Jennifer A. Delaney. |
||
| 260 |
_aIllinois, United States ; _bUniversity of Illinois Press and Johns Hopkins University Press, _cSpring 2021. |
||
| 300 |
_avolume 46, pages 563-590, _billustration. |
||
| 500 | _aJournal of Education Finance, v. 46, n. 4 , pages 563-590, Winter 2021. | ||
| 700 |
_aDoyle, William R. _eauthor. _959264 |
||
| 700 |
_aDziesinski, Amberly B. _eauthor. _959265 |
||
| 700 |
_aDelaney, Jennifer A. _eauthor. _959266 |
||
| 942 |
_2ddc _cPER |
||
| 999 |
_c20997 _d20997 |
||